Schaum's outlines : (رقم التسجيلة. 26723)
[ عرض عادي ]
| 000 -الفاتح | |
|---|---|
| حقل البيانات ثابتة الطول | 01969cam a2200421 a 4500 |
| 001 - رقم الضبط | |
| رقم الضبط | 15845304 |
| 003 - محدد رقم الضبط | |
| رقم الضبط | OSt |
| 005 - وقت وتاريخ اخر تعامل مع التسجيلة | |
| رقم الضبط | 20150408114109.0 |
| 008 - عناصر البيانات ثابتة الطول - معلومات عامة | |
| حقل البيانات ثابتة الطول | 090731s2010 nyua 001 0 eng |
| 010 ## - رقم ضبط مكتبة الكونجرس | |
| رقم ضبط مكتبة الكونجرس | 2009030252 |
| 020 ## - الرقم الدولى المعيارى للكتب | |
| الرقم الدولى المعيارى للكتاب | 9780071625128 (pbk.) |
| 020 ## - الرقم الدولى المعيارى للكتب | |
| الرقم الدولى المعيارى للكتاب | 0071625127 |
| 035 ## - رقم ضبط النظام | |
| رقم ضبط النظام | (OCoLC)ocn428926458 |
| 040 ## - مصدر الفهرسة | |
| وكالة الفهرسة الأصلية | DLC |
| وكالة النسخ | DLC |
| وكالة التعديل | YDX |
| -- | YDXCP |
| -- | QBX |
| -- | DEBBG |
| -- | DLC |
| 050 00 - رقم طلب مكتبة الكونجرس | |
| رقم التصنيف | QD257 |
| رقم المادة | .M44 2010 |
| 082 00 - رقم تصنيف ديوى العشرى | |
| رقم التصنيف | 547.0076 |
| رقم الطبعة | 22 |
| رقم المادة | SCO |
| 084 ## - رقم تصنيف آخر | |
| رقم التصنيف | VK 5200 |
| مصدر الرقم | rvk |
| 245 00 - بيان العنوان | |
| العنوان | Schaum's outlines : |
| بقية العنوان | organic chemistry / |
| بيان المسئوليه,etc | Herbert Meislich ... [et al.]. |
| 246 30 - العنوان الموازى | |
| عنوان صحيح/عنوان مختصر | Organic chemistry |
| 250 ## - بيان الطبعة | |
| بيان الطبعة | 4th ed. |
| 260 ## - PUBLICATION, DISTRIBUTION, ETC. (IMPRINT) | |
| مكان الناشر او الموزع | New York : |
| اسم الناشر او الموزع | McGraw-Hill, |
| تاريخ النشر أو التوزيع | c2010. |
| 300 ## - الوصف المادى | |
| التعداد | ix, 469 p. : |
| تفاصيل ماديه اخرى للوعاء | ill. ; |
| أبعاد الوعاء | 28 cm. |
| 490 0# - بيان السلسلة | |
| عنوان السلسلة | Schaum's outline series |
| 500 ## - تبصرة عامة | |
| تبصرة عامة | Rev. ed. of: Schaum's outline of theory and problems of organic chemistry. 3rd ed. c1999. |
| 500 ## - تبصرة عامة | |
| تبصرة عامة | Includes index. |
| 650 #0 - المدخل الاضافى بالموضوع-مصطلح موضوعى | |
| مصطلح موضوعي أو اسم جغرافي كعنصر مدخل | Chemistry, Organic |
| التقسيم الفرعي الشكلي | Problems, exercises, etc. |
| 9 (RLIN) | 19191 |
| 650 #0 - المدخل الاضافى بالموضوع-مصطلح موضوعى | |
| مصطلح موضوعي أو اسم جغرافي كعنصر مدخل | Chemistry, Organic |
| التقسيم الفرعي الشكلي | Outlines, syllabi, etc. |
| 9 (RLIN) | 19266 |
| 655 #7 - مصطلح تكشيفى-نوع/شكل | |
| بيانات النوع/ الشكل أو المصطلح الأساسي | Aufgabensammlung. |
| مصدر المصطلح | swd |
| 9 (RLIN) | 14462 |
| 700 1# - المدخل الاضافى - اسم شخصى | |
| الإسم الشخصى | Meislich, Herbert. |
| 9 (RLIN) | 19267 |
| 730 0# - المدخل الاضافى- عنوان موحد | |
| عنوان موحد | Schaum's outline of theory and problems of organic chemistry. |
| 9 (RLIN) | 19268 |
| 856 42 - الوصول و الموقع الالكترونى | |
| مواد محددة | Contributor biographical information |
| معرف المصدر الموحد | <a href="http://catdir.loc.gov/catdir/enhancements/fy0917/2009030252-b.html">http://catdir.loc.gov/catdir/enhancements/fy0917/2009030252-b.html</a> |
| 856 42 - الوصول و الموقع الالكترونى | |
| مواد محددة | Publisher description |
| معرف المصدر الموحد | <a href="http://catdir.loc.gov/catdir/enhancements/fy0917/2009030252-d.html">http://catdir.loc.gov/catdir/enhancements/fy0917/2009030252-d.html</a> |
| 856 41 - الوصول و الموقع الالكترونى | |
| مواد محددة | Table of contents only |
| معرف المصدر الموحد | <a href="http://catdir.loc.gov/catdir/enhancements/fy0917/2009030252-t.html">http://catdir.loc.gov/catdir/enhancements/fy0917/2009030252-t.html</a> |
| 856 41 - الوصول و الموقع الالكترونى | |
| مواد محددة | Table of contents |
| معرف المصدر الموحد | <a href="http://bvbr.bib-bvb.de:8991/F?func=service&doc_library=BVB01&doc_number=018644714&line_number=0001&func_code=DB_RECORDS&service_type=MEDIA">http://bvbr.bib-bvb.de:8991/F?func=service&doc_library=BVB01&doc_number=018644714&line_number=0001&func_code=DB_RECORDS&service_type=MEDIA</a> |
| 906 ## - عنصر بيانات محلى F, LDF (RLIN) | |
| a | 7 |
| b | cbc |
| c | orignew |
| d | 1 |
| e | ecip |
| f | 20 |
| g | y-gencatlg |
| 942 ## - عناصر المدخل الإضافي( كوها) | |
| مصدر التصنيف او مخطط الترفيف | Dewey Decimal Classification |
| Koha [default] item type | DVD |
| حالة الفقد | نموذج السعر الفعال | حالة تلف | ليس للاعارة | رقم الطلب | تاريخ الاكتساب | الموقع الحالي | الباركود | الفرع الرئيسي | Date last seen | نوع المادة فى نظام كوها | مصدر التصنيف او خطة الترفيف | Total Checkouts |
|---|---|---|---|---|---|---|---|---|---|---|---|---|
| 2013-03-10 | 547.0076 SCO | 2012-12-29 | المكتبة المركزية بالمجمعة (CL) | 00401737 | المكتبة المركزية بالمجمعة (CL) | 2013-03-10 | كتاب | Dewey Decimal Classification | ||||
| 2013-03-10 | 547.0076 SCO | 2012-12-29 | المكتبة المركزية بالمجمعة (CL) | 00401738 | المكتبة المركزية بالمجمعة (CL) | 2013-03-10 | كتاب | Dewey Decimal Classification | ||||
| 2013-03-10 | 547.0076 SCO | 2013-01-05 | المكتبة المركزية بالمجمعة (CL) | 00401481 | المكتبة المركزية بالمجمعة (CL) | 2013-03-10 | كتاب | Dewey Decimal Classification |
